书目信息 |
| 题名: |
超级机密
|
|
| 作者: | 蒙塔古 , Montagu 著 ;王敬之 , 朱琴 译 | |
| 分册: | ||
| 出版信息: | 北京 群众出版社 1980 |
|
| 页数: | 169页 | |
| 开本: | 19cm | |
| 丛书名: | ||
| 单 册: | ||
| 中图分类: | D068 | |
| 科图分类: | ||
| 主题词: | 情报机构--英国--活动 , 民族殖民地问题--理论 | |
| 电子资源: | ||
| ISBN: | ||
| 000 | 00840nam0 2200301 45 | |
| 001 | 1235910906 | |
| 005 | 20121004095955.06 | |
| 010 | @dCNY0.64 | |
| 091 | @aCN@b3067.97 | |
| 100 | @a19950612d1980 em y0chiy0121 ea | |
| 101 | 1 | @achi@ceng |
| 102 | @aCN@b110000 | |
| 105 | @ay z 000yy | |
| 200 | 10 | @a超级机密@Achao ji ji mi@f(英)蒙塔古(E.Montagu)著@g王敬之, 朱琴译 |
| 210 | @a北京@c群众出版社@d1980 | |
| 215 | @a169页@d19cm | |
| 300 | @a书名原文:Beyond top secret ultra | |
| 510 | 1 | @aBeyond top secret ultra@zeng |
| 606 | @a情报机构@y英国@x活动 | |
| 606 | 0 | @a民族殖民地问题@x理论 |
| 690 | @aD068@v3 | |
| 701 | 1 | @a蒙塔古@Ameng ta gu@bE.@4著 |
| 701 | A1 | @aMontagu@bE.@4著 |
| 702 | 0 | @a王敬之@Awang jing zhi@4译 |
| 702 | 0 | @a朱琴@Azhu qin@4译 |
| 801 | 0 | @aCN@bTSSF |
| 801 | 2 | @aCN@bNLC |
| 905 | @a10447@dD068@eJY21 | |
| 超级机密/(英)蒙塔古(E.Montagu)著/王敬之, 朱琴译.-北京:群众出版社,1980 |
| 169页;19cm |
| 书名原文:Beyond top secret ultra |
| ISBN :CNY0.64 |
| ● |
| 相关链接 |
|
|
|
|
正题名:超级机密
索取号:D068/JY21
 
预约/预借
| 序号 | 登录号 | 条形码 | 馆藏地/架位号 | 状态 | 备注 |
| 1 | 7811233 | 278112338 | 学院路分馆/ [索取号:D068/JY21] | 在馆 | |
| 2 | 7811234 | 278112347 | 学院路分馆/ [索取号:D068/JY21] | 在馆 | |
| 3 | 7811235 | 278112356 | 学院路分馆/ [索取号:D068/JY21] | 在馆 | |
| 4 | 7811236 | 278112365 | 学院路分馆/ [索取号:D068/JY21] | 在馆 | |
| 5 | 7811237 | 278112374 | 学院路分馆/ [索取号:D068/JY21] | 在馆 |